Biblioteca ESET

Las armas secretas, de Julio Cortázar (Registro nro. 1464)

Detalles MARC
000 -CABECERA
fixed length control field 02606agm a2200529 a 4500
001 - NUMERO DE CONTROL
control field 001317115
003 - CONTROL NUMBER IDENTIFIER
control field AR-BaBN
005 - FECHA Y HORA DE LA ULTIMA TRANSACCION
control field 20260311182159.0
007 - CAMPO FIJO DE DESCRIPCION FIJA - INFORMACION GENERAL
fixed length control field vz czaz z
008 - ELEMENTOS DE LONGITUD FIJA-INFORMACION GENERAL
fixed length control field 140901s2010 ag 005 g fs vlspa
040 ## - FUENTE DE CATALOGACION
Agencia de catalogación original AR-BaBN
Idioma de catalogación ESPAÑOL
Agencia que realiza la transcripción AR-BaBN
Convenciones de la descripción aacr
043 ## - GEOGRAPHIC AREA CODE
Geographic area code s-ag---
082 ## - NUMERO DE CLASIFICACION DECIMAL DEWEYMBER
Número de la edición 21
Número de clasificación A863 COR
100 ## - ASIENTO PRINCIPAL-NOMBRE PERSONAL
Nombre personal Cortázar, Julio
Títulos u otras palabras asociadas al nombre autor.
Fecha asociada al nombre aut
245 04 - MENCION DE TITULO
Título Las armas secretas, de Julio Cortázar
Medio físico [videograbación] /
Mención de responsabilidad, etc dirección de Gabriel Reches.
300 ## - DESCRIPCION FISICA
Extensión 1 video (mp4) (05:05 min.) :
Otros detalles físicos son., col.
490 ## - MENCION DE SERIE
Mención de serie COLECCIÓN JULIO CORTÁZAR
500 ## - NOTA GENERAL
Nota general Coproducción de: TV Pública, Biblioteca Nacional y Canal Encuentro.
511 0# - PARTICIPANT OR PERFORMER NOTE
Participant or performer note Presentador: Luis Ziembrowski ; invitado: Jorge "Negro" González.
518 ## - DATE/TIME AND PLACE OF AN EVENT NOTE
Date/time and place of an event note Programa emitido en el mes de septiembre por Canal Encuentro.
520 0# - NOTA DE RESUMEN, ETC
Nota de resumen, etc. El Libro Perdido retrata las peripecias de un personaje que busca un libro, nunca sabemos cuál es, y en esa búsqueda otros libros se cruzan en su camino. Encarnado por el actor Luis Ziembrowski, el protagonista recorre con febril perseverancia una ciudad poética y alucinada, en la que los libros buscan sus lectores y éstos buscan desentrañar el secreto cifrado en un texto que quizás no exista.
600 14 - ASIENTO SECUNDARIO DE MATERIA - NOMBRE PERSONAL
Nombre personal Cortázar, Julio,
Fechas asociadas con el nombre 1914-1984.
650 #4 - ASIENTO SECUNDARIO DE MATERIA - TERMINO TEMATICO
Término temático o nombre geográfico como elemento de entrada Literatura
Geographic subdivision Argentina
Chronological subdivision Siglo XX
General subdivision Jazz (música)
700 1# - ASIENTO SECUNDARIO - NOMBRE DE PERSONA
Personal name Ziembrowski, Luis
Relator term presentador
700 1# - ASIENTO SECUNDARIO - NOMBRE DE PERSONA
Personal name González, Jorge Negro
710 2# - ASIENTO SECUNDARIO - NOMBRE CORPORATIVO
Nombre corporativo o de jurisdicción como elemento de entradantry element Biblioteca Nacional Mariano Moreno (Argentina)
710 2# - ASIENTO SECUNDARIO - NOMBRE CORPORATIVO
Nombre corporativo o de jurisdicción como elemento de entradantry element TV Pública (Estación de Televisión : Argentina)
710 2# - ASIENTO SECUNDARIO - NOMBRE CORPORATIVO
Nombre corporativo o de jurisdicción como elemento de entradantry element Canal Encuentro del Ministerio de Educación (Estación de Televisión : Argentina)
929 01 - DATOS DE ADQUISICION
Procedencia DONACION
Proveedor MINISTERIO DE EDUCACIÓN DE LA NACIÓN
Orden de compra 0
Precio 0
Fecha de recibido 2017
Patrimonio UNQ PAT 0084960
Es copia 1
Número de inventario 62925
929 01 - DATOS DE ADQUISICION
Procedencia DONACION
Proveedor MINISTERIO DE EDUCACIÓN DE LA NACIÓN
Orden de compra 0
Precio 0
Fecha de recibido 2017
Patrimonio UNQ PAT 0084960
Es copia 2
Número de inventario 62926
942 ## - ELEMENTOS DE PUNTO DE ACCESO ADICIONAL (KOHA)
Source of classification or shelving scheme
Suppress in OPAC 0
Tipo de ítem Koha Libros
956 ## - LOCAL ELECTRONIC LOCATION AND ACCESS (OCLC)
Host name ALOPEZ
Access number 20
Compression information 20140901
Logon BNA01
Processor of request 1635
956 ## - LOCAL ELECTRONIC LOCATION AND ACCESS (OCLC)
Host name BATCH-UPD
Access number 20
Compression information 20141007
Logon BNA01
Processor of request 1807
956 ## - LOCAL ELECTRONIC LOCATION AND ACCESS (OCLC)
Host name BATCH-UPD
Access number 20
Compression information 20141007
Logon BNA01
Processor of request 1849
956 ## - LOCAL ELECTRONIC LOCATION AND ACCESS (OCLC)
Host name ALOPEZ
Access number 20
Compression information 20141015
Logon BNA01
Processor of request 1117
956 ## - LOCAL ELECTRONIC LOCATION AND ACCESS (OCLC)
Host name ALOPEZ
Access number 20
Compression information 20150313
Logon BNA01
Processor of request 1155
956 ## - LOCAL ELECTRONIC LOCATION AND ACCESS (OCLC)
Host name ALOPEZ
Access number 20
Compression information 20150428
Logon BNA01
Processor of request 1532
956 ## - LOCAL ELECTRONIC LOCATION AND ACCESS (OCLC)
Host name ALOPEZ
Access number 20
Compression information 20150428
Logon BNA01
Processor of request 1601
956 ## - LOCAL ELECTRONIC LOCATION AND ACCESS (OCLC)
Host name ALOPEZ
Access number 20
Compression information 20150428
Logon BNA01
Processor of request 1601
956 ## - LOCAL ELECTRONIC LOCATION AND ACCESS (OCLC)
Host name ALOPEZ
Access number 20
Compression information 20150430
Logon BNA01
Processor of request 1142
956 ## - LOCAL ELECTRONIC LOCATION AND ACCESS (OCLC)
Host name BATCH-UPD
Access number 20
Compression information 20160107
Logon BNA01
Processor of request 2101
956 ## - LOCAL ELECTRONIC LOCATION AND ACCESS (OCLC)
Host name ALOPEZ
Access number 20
Compression information 20160128
Logon BNA01
Processor of request 1644
956 ## - LOCAL ELECTRONIC LOCATION AND ACCESS (OCLC)
Host name MEPEREZ
Access number 20
Compression information 20170718
Logon BNA01
Processor of request 1549
956 ## - LOCAL ELECTRONIC LOCATION AND ACCESS (OCLC)
Host name ALOPEZ
Access number 20
Compression information 20180103
Logon BNA01
Processor of request 1356
Existencias
Estado de retiro Estado de pérdida Ubicación permanente Ubicación actual Ubicación en estantería Fecha de ingreso Total Checkouts Signatura topográfica completa Inventario Date last seen Número de copia Tipo de ítem Koha Operador
    Biblioteca ESET - UNQ Biblioteca ESET - UNQ SALA 11/03/2026   A863 COR 62925 11/03/2026 1 Libros Gladys Alarcon
    Biblioteca ESET - UNQ Biblioteca ESET - UNQ CIRCULACION 11/03/2026   A863 COR 62926 11/03/2026 2 Libros Gladys Alarcon

ESET UNQ

☏ 4365-7188
 Avenida República de Francia 1714 entre Doctor Kenny y Concordia, Ezpeleta, Bs As.
✉ secretaria_eset@unq.edu.ar

Con tecnología Koha